000 00312nam a22001217a 4500
020 _a0-13-314088-1
082 _a621.34 DEM'F
100 _aDEMOW, M.F DOUZ
_965171
245 _aFERROMAGNETIC CORE DESIGN OF APPLICATION HANDBOOK
260 _aNEW JERSEY
_bPRENTICE HALL
_c1981
300 _aX, 249P
942 _cBK
999 _c573468
_d573468